000 01131nam a2200253Ia 4500
999 _c53973
_d53973
001 21024
003 GE_BSU
005 20210707175849.0
008 181216s1999||||ge |||||||||||||| ||geo||
040 _cGE_BSU
041 _ageo
080 _a2-1(075.8) გ-12
100 _aგაბიძაშვილი, ოთარ
_93753
245 _aრელიგიათმცოდნეობა :
_bდამხმარე სახელმძღვანელო /
_cოთარ გაბიძაშვილი ; რედ. ბადურ გელაშვილი.
264 _aთბილისი :
_b[?],
_c1999.
300 _a160 გვ. ;
_c19 სმ.
541 _h4ლ.
653 _aრელიგია
653 _aრელიგიათმცოდნეობა
653 _aრელიგიის ისტორიის სახელმძღვანელო
653 _aრელიგიის თეორიის სახელმძღვანელო
700 _aგელაშვილი, ბადურ
_eრედაქტორი
_912211
942 _cBK
_2udc